|
|
|
|
| LEADER |
00000nam0a2200000 4500 |
| 001 |
107451 |
| 005 |
20231101214731.0 |
| 035 |
|
|
|a (RuTPU)RU\TPU\book\116010
|
| 090 |
|
|
|a 107451
|
| 100 |
|
|
|a 20061223d1950 k y0rusy50 ca
|
| 101 |
1 |
|
|a rus
|a eng
|
| 102 |
|
|
|a RU
|
| 105 |
|
|
|a a z 001zy
|
| 200 |
1 |
|
|a Электронные процессы в ионных кристаллах
|e пер. с англ.
|f Н. Мотт, Р. Герни
|
| 210 |
|
|
|a Москва
|c Изд-во иностранной литературы
|d 1950
|
| 215 |
|
|
|a 304 с.
|c ил.
|
| 320 |
|
|
|a Библиогр. в конце ст.
|
| 606 |
1 |
|
|a Кристаллы ионные
|x Электронные процессы
|2 stltpush
|3 (RuTPU)RU\TPU\subj\66401
|9 82550
|
| 610 |
1 |
|
|a кристаллография
|
| 610 |
1 |
|
|a электронные процессы
|
| 610 |
1 |
|
|a решетки
|
| 610 |
1 |
|
|a дефекты
|
| 610 |
1 |
|
|a полупроводники
|
| 610 |
1 |
|
|a изоляторы
|
| 610 |
1 |
|
|a люминесценция
|
| 675 |
|
|
|a 548.312
|v 3
|
| 700 |
|
1 |
|a Мотт
|b Н.
|
| 701 |
|
1 |
|a Герни
|b Р.
|
| 801 |
|
1 |
|a RU
|b 63413507
|c 20061223
|g PSBO
|
| 801 |
|
2 |
|a RU
|b 63413507
|c 20200929
|g PSBO
|
| 942 |
|
|
|c BK
|